000 00461nam a2200169Ia 4500
008 251008s9999 xx 000 0 und d
020 _a9788123910413
041 _aEnglish
082 _a620.1.01 HER
100 _aHervey (John F)
245 0 _aTheory and Design of Pressure Vessels
260 _bVan Nontrand Reinhold Company
_aNew York
_c1985
300 _bHard Back
_a623+14
563 _aHard Back
650 _a Mechanics of Materials
942 _cBK
999 _c193292
_d193292